Quavo Charting Songs (Billboard Hot Rap / R&B) - Statistics

General Stats
  • This quiz has been taken 7 times
    2 since last reset
  • The average score is 20 of 35
Answer Stats
Album Weeks On Peak Artist(s) Song % Correct
Stoney 38 Weeks #5 Post Malone ft. Quavo Congratulations
100%
The Fate of the Furious: The Album 1 Week #39 Lil Uzi Vert, Quavo & Travi$ Scott Go Off
100%
JACKBOYS 2 Weeks #23 Don Toliver ft. Quavo & Offset HAD ENOUGH
100%
Only Built for Infinity Links 27 Weeks #12 Quavo & Takeoff Hotel Lobby (Unc & Phew)
100%
Grateful 26 Weeks #1 DJ Khaled ft. Justin Bieber, Quavo, Chance The Rapper & Lil Wayne I'm the One
100%
Know No Better EP 11 Weeks #36 Major Lazer ft. Travi$ Scott, Camila Cabello & Quavo Know No Better
100%
Father of Asahd 17 Weeks #4 DJ Khaled ft. Justin Bieber, Chance The Rapper & Quavo No Brainer
100%
Blame It On Baby 1 Week #19 DaBaby ft. Quavo PICK UP
100%
JEFFERY and Birds in the Trap Sing McKnight 22 Weeks #12 Young Thug & Travi$ Scott ft. Quavo Pick Up the Phone
100%
More Life 17 Weeks #6 Drake ft. Quavo & Travi$ Scott Portland
100%
Without Warning 5 Weeks #26 21 Savage, Offset & Metro Boomin ft. Quavo Rap Saved Me
100%
Shoot for the Stars, Aim for the Moon 2 Weeks #16 Pop Smoke ft. Quavo Aim for the Moon
50%
Baccend Beezy 10 Weeks #30 Yella Buzzy, Gucci Mane & Quavo Bacc at It Again
50%
Cruel Winter 7 Weeks #22 Kanye West, Gucci Mane, Big Sean, 2 Chainz, Travi$ Scott, Yo Gotti, Quavo & Desiigner Champions
50%
Only Built for Infinity Links 1 Week #48 Quavo, Takeoff, Young Thug & Gunna Chocolate
50%
QUAVO HUNCHO 1 Week #23 Quavo ft. Drake Flip the Switch
50%
Pretty Girls Like Trap Music 20 Weeks #32 2 Chainz, Gucci Mane & Quavo Good Drank
50%
JEFFERY 1 Week #45 Young Thug ft. Quavo, Offset & Young Scooter Guwop
50%
Changes 26 Weeks #4 Justin Bieber ft. Quavo Intentions
50%
QUAVO HUNCHO 1 Week #47 Quavo ft. Lil Baby Lose It
50%
God Did 1 Weeks #22 DJ Khaled ft. Quavo & Takeoff Party
50%
QUAVO HUNCHO 1 Week #29 Quavo ft. 21 Savage Pass Out
50%
QUAVO HUNCHO 1 Week #41 Quavo ft. Travi$ Scott Rerun
50%
Meet the Woo 2 1 Week #43 Pop Smoke ft. Quavo Shake the Room
50%
Shoot for the Stars, Aim for the Moon 1 Week #30 Pop Smoke ft. Quavo & Future Snitchin
50%
DC4 1 Week #35 Meek Mill ft. Quavo The Difference
50%
Only Built for Infinity Links 3 Weeks #24 Quavo & Takeoff ft. YoungBoy Never Broke Me To the Bone
50%
Shoot for the Stars, Aim for the Moon 1 Week #37 Pop Smoke ft. Tyga & Quavo West Coast Shit
50%
Non-Album Single 2 Weeks #28 2 Chainz, Drake & Quavo Bigger > You
0%
QUAVO HUNCHO 1 Week #40 Quavo Biggest Alley Oop
0%
QUAVO HUNCHO 1 Week #44 Quavo Huncho Dreams
0%
Control the Streets, Vol. 1 7 Weeks #30 Quavo & Lil Yachty Ice Tray
0%
Only Built for Infinity Links 2 Weeks #42 Quavo & Takeoff Messy
0%
Only Built for Infinity Links 1 Week #44 Quavo & Takeoff Nothing Changed
0%
QUAVO HUNCHO 15 Weeks #18 Quavo W O R K I N M E
0%
No matching quizzes found
Score Distribution
Percent of People with Each Score
Percentile by Number Answered
Your Score History
You have not taken this quiz since the last reset